INDIAN JOURNAL OF TECHNOLOGY (Record no. 1087)
[ view plain ]
| 000 -LEADER | |
|---|---|
| fixed length control field | 00529nam a2200157Ia 4500 |
| 022 ## - INTERNATIONAL STANDARD SERIAL NUMBER | |
| ISSN | 0019-5669 |
| 245 #0 - TITLE STATEMENT | |
| Title | INDIAN JOURNAL OF TECHNOLOGY |
| 246 ## - VARYING FORM OF TITLE | |
| Title proper/short title | Indian Journal of Chemical Technology |
| 260 ## - PUBLICATION, DISTRIBUTION, ETC. (IMPRINT) | |
| Name of publisher | Council of Scientific and Industrial Research,New Delhi |
| Place of publication | India |
| 310 ## - CURRENT PUBLICATION FREQUENCY | |
| Current publication frequency | M |
| 500 ## - GENERAL NOTE | |
| General note | Ending Volume & Year: 31, 1993 |
| 500 ## - GENERAL NOTE | |
| General note | Missing Volume: 14;15(1-8);16(2-12);17(1,3-8,10-12);18(1);20(12);26(6) |
| 500 ## - GENERAL NOTE | |
| General note | Starting Volume & Year: 1, 1963 |
| 942 ## - ADDED ENTRY ELEMENTS (KOHA) | |
| Koha item type | Bound Journal |
| Withdrawn status | Lost status | Damaged status | Not for loan | Home library | Current library | Date acquired | Accession Number | Koha item type |
|---|---|---|---|---|---|---|---|---|
| Bound journals | RRII Library | RRII Library | 31/12/2021 | 01077J | Bound Journal |